[Event "Mondiale Lampo FIDE 2022"]
[Site "Alma Ata"]
[Date "30.12.2022"]
[Round "16.30"]
[White "Pantsulaia, Levan"]
[Black "Tari, Aryan"]
[Result "1-0"]
[WhiteTitle ""]
[BlackTitle ""]
[WhiteElo "2597"]
[BlackElo "2659"]
[WhiteFideId "13602071"]
[BlackFideId "1510045"]
[EventDate "29.12.2022"]

1. Nf3 Nf6 2. g3 c5 3. Bg2 Nc6 4. c4 d5 5. cxd5 Nxd5 6. Nc3 Nxc3 7. bxc3 e5 8.
d3 Be7 9. O-O O-O 10. Nd2 Qc7 11. a4 Be6 12. Nc4 b6 13. Qc2 f6 14. Rb1 Rab8 15.
e4 Qd7 16. Ne3 Bd6 17. Nd5 Ne7 18. Ne3 a6 19. c4 Nc6 20. Nd5 Nd4 21. Qd1 b5 22.
axb5 axb5 23. Be3 Rb7 24. h4 Rfb8 25. Kh2 Bg4 26. f3 Be6 27. Rf2 bxc4 28. Rxb7
Qxb7 29. dxc4 Qb3 30. Qc1 Qd3 31. Bf1 Qb1 32. Qxb1 Rxb1 33. Kg2 Rb3 34. Bc1 h5
35. Ra2 Rxf3 36. Ra6 Bh3+ 37. Kxh3 Rxf1 38. Be3 Bf8 39. g4 Rf3+ 40. Kg2 hxg4 41.
h5 Nc2 42. Bf2 Nb4 43. Ra8 Nd3 44. Be3 Kf7 45. Ra7+ Kg8 46. Ra8 Kf7 47. Ra7+ Ke6
48. Nc7+ Kd7 49. Nd5+ Ke8 50. Nc7+ Kf7 51. Nd5+ Kg8 52. Ra8 Rh3 53. h6 gxh6 54.
Nxf6+ Kf7 55. Nxg4 Rh5 56. Rd8 Be7 57. Rxd3 Rh4 58. Kg3 h5 59. Nxe5+ Ke6 60. Nf3
Rxe4 61. Nd2 Rg4+ 62. Kf3 Bd6 63. Ne4 Be5 64. Nxc5+ Kf5 65. Rd5 Rg3+ 66. Kf2 Kf6 1-0

[Event "Mondiale Lampo FIDE 2022"]
[Site "Alma Ata"]
[Date "30.12.2022"]
[Round "16.31"]
[White "Predke, Alexandr"]
[Black "Vakhidov, Jakhongir"]
[Result "0-1"]
[WhiteTitle ""]
[BlackTitle ""]
[WhiteElo "2684"]
[BlackElo "2607"]
[WhiteFideId "24107581"]
[BlackFideId "14201801"]
[EventDate "29.12.2022"]

1. Nf3 c5 2. c4 g6 3. d4 cxd4 4. Nxd4 Bg7 5. e4 Nc6 6. Be3 Qb6 7. Nb5 Qa5+ 8.
N1c3 Nf6 9. f3 d6 10. Be2 a6 11. Nd4 Nxd4 12. Bxd4 Be6 13. O-O O-O 14. Rc1 Rfc8
15. Qa4 Qd8 16. Qb4 a5 17. Qb5 Nxe4 18. Bxg7 Nc5 19. Bd4 Bd7 20. Nd5 Bxb5 21.
cxb5 Nd7 22. b6 Rc5 23. Bxc5 Nxc5 24. Rfd1 Qf8 25. Bc4 Rd8 26. Re1 e6 27. Nc7 d5
28. Bb5 Qd6 29. Ne8 Qxb6 30. Nf6+ Kg7 31. Ne8+ Kf8 0-1

[Event "Mondiale Lampo FIDE 2022"]
[Site "Alma Ata"]
[Date "30.12.2022"]
[Round "16.33"]
[White "Jobava, Baadur"]
[Black "Svane, Rasmus"]
[Result "0-1"]
[WhiteTitle ""]
[BlackTitle ""]
[WhiteElo "2578"]
[BlackElo "2622"]
[WhiteFideId "13601520"]
[BlackFideId "4657101"]
[EventDate "29.12.2022"]

1. e4 e5 2. Nf3 Nc6 3. d4 exd4 4. Nxd4 Nf6 5. Nxc6 bxc6 6. Bd3 d5 7. exd5 cxd5
8. O-O Be7 9. h3 O-O 10. Nd2 Be6 11. Re1 a5 12. a4 c5 13. b3 Qc7 14. Bb5 Bd6 15.
Bb2 d4 16. Nc4 Bh2+ 17. Kh1 Bf4 18. Qd3 Nd5 19. Ba3 Nc3 20. Bb2 Nd5 21. Ba3 Nc3
22. Bb2 Nd5 23. Ba3 Rab8 24. Qf3 Bh6 25. Ne5 Bd2 26. Re2 Nc3 27. Rxd2 Qxe5 28.
Bd3 Rfe8 29. Qg3 Qxg3 30. fxg3 Rec8 31. Re1 c4 32. Bd6 cxd3 33. Bxb8 dxc2 34.
Bf4 Nd5 35. Rc1 Nb4 36. Rxd4 Bxb3 0-1

[Event "Mondiale Lampo FIDE 2022"]
[Site "Alma Ata"]
[Date "30.12.2022"]
[Round "16.34"]
[White "Moiseenko, Alexander"]
[Black "Maghsoodloo, Parham"]
[Result "0-1"]
[WhiteTitle ""]
[BlackTitle ""]
[WhiteElo "2577"]
[BlackElo "2719"]
[WhiteFideId "14102560"]
[BlackFideId "12539929"]
[EventDate "29.12.2022"]

1. d4 d5 2. c4 e6 3. Nc3 Bb4 4. cxd5 exd5 5. Bf4 c6 6. e3 Ne7 7. Bd3 Nd7 8. Nf3
Nf8 9. h3 Nfg6 10. Bh2 Bf5 11. O-O O-O 12. a3 Bd6 13. b4 a6 14. Bxd6 Qxd6 15.
Na4 Bxd3 16. Qxd3 Nc8 17. Nc5 Qe7 18. a4 Nd6 19. Qb3 f5 20. Rfe1 h6 21. Nd3 Nc4
22. b5 cxb5 23. axb5 a5 24. Nfe5 Ngxe5 25. Nxe5 Nxe5 26. dxe5 Qxe5 27. b6 Ra6
28. Qb5 Rfa8 29. Red1 Qe6 30. Qxd5 Qxd5 31. Rxd5 a4 32. Rb5 a3 33. Ra2 Ra5 34.
Rb3 R8a6 35. Kf1 Kf7 36. Ke2 Ke6 37. Kd3 Kd5 38. f3 h5 39. h4 g6 40. g3 Ra4 41.
e4+ fxe4+ 42. fxe4+ Ke6 43. Ke3 R6a5 44. Kf4 Rf5+ 45. Ke3 Re5 46. Raxa3 Rexe4+
47. Kf3 Rxa3 48. Rxa3 Rb4 49. Re3+ Kf5 50. Re8 Rxb6 51. Rf8+ Rf6 52. Rb8 b6 53.
g4+ hxg4+ 54. Kg3 Rc6 55. Rf8+ Ke5 56. Kxg4 Kd5 57. Kg5 b5 58. Rb8 Kc4 59. Rg8
b4 60. Rxg6 Rxg6+ 61. Kxg6 b3 62. h5 b2 63. h6 b1=Q+ 64. Kg7 Qg1+ 65. Kf7 Qf2+
66. Kg7 Qg3+ 67. Kf7 Qf4+ 68. Kg7 Qg5+ 0-1

[Event "Mondiale Lampo FIDE 2022"]
[Site "Alma Ata"]
[Date "30.12.2022"]
[Round "16.35"]
[White "Hovhannisyan, Robert"]
[Black "Zhigalko, Sergei"]
[Result "0-1"]
[WhiteTitle ""]
[BlackTitle ""]
[WhiteElo "2597"]
[BlackElo "2572"]
[WhiteFideId "13302507"]
[BlackFideId "13502956"]
[EventDate "29.12.2022"]

1. e4 c5 2. Nf3 Nc6 3. Nc3 Nf6 4. Bb5 Qc7 5. O-O Nd4 6. d3 a6 7. Bc4 e6 8. Nxd4
cxd4 9. Ne2 Nxe4 10. Nxd4 Nf6 11. Re1 b5 12. Bb3 Bb7 13. h3 Bc5 14. Nf3 O-O 15.
d4 Bxf3 16. Qxf3 Bxd4 17. c3 Be5 18. a4 d5 19. axb5 axb5 20. Rxa8 Rxa8 21. Qe2
Bh2+ 22. Kh1 Ne4 23. Bc2 Nxf2+ 24. Qxf2 Bg3 25. Qe2 Bxe1 26. Qxe1 Ra1 27. Qe3 b4
28. Qd2 bxc3 29. bxc3 d4 30. cxd4 g6 31. d5 Ra2 32. dxe6 fxe6 33. Qe3 Rxc2 34.
Qxe6+ Qf7 35. Qxf7+ Kxf7 36. Bf4 Ke6 37. g4 Kd5 38. Bg3 Ke4 39. Bd6 Kf3 40. Be5
Re2 41. Bd6 Kf2 42. Kh2 Rc2 43. Bb8 Kf3+ 44. Kh1 Rb2 45. Bc7 Rb3 46. Kh2 Kf2 47.
Bd6 Rd3 48. Bc7 Kf3 49. Bb8 Rd5 50. Bc7 h5 51. gxh5 Rxh5 52. Bd8 g5 53. Bc7 g4
54. Kg1 Rxh3 55. Bd6 g3 0-1

[Event "Mondiale Lampo FIDE 2022"]
[Site "Alma Ata"]
[Date "30.12.2022"]
[Round "16.36"]
[White "Kadric, Denis"]
[Black "Nguyen, Thai Dai Van"]
[Result "0-1"]
[WhiteTitle ""]
[BlackTitle ""]
[WhiteElo "2584"]
[BlackElo "2656"]
[WhiteFideId "14403803"]
[BlackFideId "358878"]
[EventDate "29.12.2022"]

1. e4 c5 2. Nc3 e6 3. Nge2 Nc6 4. d4 cxd4 5. Nxd4 Nf6 6. Ndb5 d6 7. Bf4 e5 8.
Bg5 a6 9. Na3 b5 10. Nd5 Be7 11. Bxf6 Bxf6 12. c4 b4 13. Nc2 a5 14. g3 O-O 15.
h4 Be6 16. Bh3 a4 17. b3 axb3 18. axb3 Rxa1 19. Qxa1 Bxd5 20. cxd5 Nd4 21. Nxd4
exd4 22. O-O Qa8 23. Qc1 Qa6 24. Qd2 g6 25. Rc1 Qa3 26. Rc6 Qxb3 27. Rxd6 Qc3
28. Qd1 Ra8 29. Kg2 Ra1 30. Qg4 Qe1 31. Kf3 Ra2 32. Qc8+ Kg7 33. Rxf6 Qxf2+ 0-1

[Event "Mondiale Lampo FIDE 2022"]
[Site "Alma Ata"]
[Date "30.12.2022"]
[Round "16.37"]
[White "Gareyev, Timur"]
[Black "Gelfand, Boris"]
[Result "1/2-1/2"]
[WhiteTitle ""]
[BlackTitle ""]
[WhiteElo "2602"]
[BlackElo "2667"]
[WhiteFideId "14200937"]
[BlackFideId "2805677"]
[EventDate "29.12.2022"]

1. d4 Nf6 2. c4 e6 3. Nc3 Bb4 4. Nf3 O-O 5. Qc2 d5 6. Bg5 h6 7. Bf4 dxc4 8. a4
c5 9. dxc5 Na6 10. e3 Nxc5 11. Bxc4 Qa5 12. O-O Bxc3 13. bxc3 Bd7 14. Nd4 a6 15.
Rfc1 Rfc8 16. Nb3 Nxb3 17. Bxb3 Bc6 18. c4 Ne4 19. Qb2 Rd8 20. Rd1 Qc3 21. Be5
Qxb2 22. Bxb2 Rxd1+ 23. Rxd1 Nc5 24. Ba2 Bxa4 25. Rd4 Bc6 26. Rg4 g6 27. h4 Rd8
28. Bd4 Ne4 29. Bb1 e5 30. Bxe4 exd4 31. Bxc6 bxc6 32. exd4 a5 33. Re4 a4 34. d5
cxd5 35. cxd5 Ra8 36. d6 a3 37. d7 Kf8 38. Ra4 1/2-1/2

[Event "Mondiale Lampo FIDE 2022"]
[Site "Alma Ata"]
[Date "30.12.2022"]
[Round "16.38"]
[White "Idani, Pouya"]
[Black "Sychev, Klementy"]
[Result "1/2-1/2"]
[WhiteTitle ""]
[BlackTitle ""]
[WhiteElo "2637"]
[BlackElo "2556"]
[WhiteFideId "12510130"]
[BlackFideId "4114060"]
[EventDate "29.12.2022"]

1. Nf3 Nf6 2. c4 e6 3. g3 d5 4. Bg2 d4 5. O-O c5 6. d3 Nc6 7. e3 h6 8. exd4 cxd4
9. Re1 Bd6 10. Na3 O-O 11. Nb5 Bb8 12. c5 a6 13. Nd6 Bxd6 14. cxd6 Nd5 15. Qa4
Qxd6 16. Nxd4 Nb6 17. Bf4 Qxd4 18. Qxd4 Nxd4 19. Rac1 Nc6 20. Bd6 Re8 21. Bc7
Nd7 22. a3 Nf6 23. Rxc6 bxc6 24. Bxc6 Bd7 25. Bxa8 Rxa8 26. Be5 Rc8 27. Re2 Bb5
28. Rd2 Nd5 29. f3 Ba4 30. Kf2 Rc2 31. Rxc2 Bxc2 32. Ke2 f6 33. Bd4 Kf7 34. b4
Ba4 35. f4 Bb5 36. Kd2 Ne7 37. Bc5 e5 38. fxe5 fxe5 39. Bd6 Nc6 40. Ke3 Nd4 41.
Bxe5 Nc2+ 42. Kd2 Nxa3 43. Bb2 1/2-1/2

[Event "Mondiale Lampo FIDE 2022"]
[Site "Alma Ata"]
[Date "30.12.2022"]
[Round "16.39"]
[White "Nesterov, Arseniy"]
[Black "Ghaem Maghami, Ehsan"]
[Result "1-0"]
[WhiteTitle ""]
[BlackTitle ""]
[WhiteElo "2573"]
[BlackElo "2490"]
[WhiteFideId "24198455"]
[BlackFideId "12500739"]
[EventDate "29.12.2022"]

1. d4 Nf6 2. c4 e6 3. Nf3 d5 4. Nc3 dxc4 5. e4 Bb4 6. Bg5 h6 7. Bxf6 Qxf6 8.
Bxc4 c5 9. O-O O-O 10. e5 Qd8 11. d5 Bxc3 12. bxc3 b5 13. Bb3 c4 14. Bc2 Qxd5
15. Qxd5 exd5 16. Rfd1 Rd8 17. Nd4 Bd7 18. a4 bxa4 19. Bxa4 Kf8 20. f4 a5 21.
Bxd7 Rxd7 22. Ra4 Ra6 23. f5 Nc6 24. Nxc6 Rxc6 25. Rxa5 d4 26. cxd4 c3 27. d5
Rc8 28. Rc1 f6 29. e6 Rd6 30. g4 h5 31. h3 hxg4 32. hxg4 Rc4 33. Kf2 Ke7 34.
Ra7+ Kf8 35. Rh1 1-0

[Event "Mondiale Lampo FIDE 2022"]
[Site "Alma Ata"]
[Date "30.12.2022"]
[Round "16.40"]
[White "Ter-Sahakyan, Samvel"]
[Black "Nogerbek, Kazybek"]
[Result "0-1"]
[WhiteTitle ""]
[BlackTitle ""]
[WhiteElo "2605"]
[BlackElo "2468"]
[WhiteFideId "13302531"]
[BlackFideId "13710427"]
[EventDate "29.12.2022"]

1. e4 c5 2. Nf3 Nc6 3. Bb5 e5 4. O-O Bd6 5. d4 cxd4 6. c3 Nge7 7. cxd4 exd4 8.
Nxd4 O-O 9. Nc3 Be5 10. Nf3 Bxc3 11. bxc3 d5 12. exd5 Qxd5 13. Qxd5 Nxd5 14. Ba3
Re8 15. Rfe1 Bg4 16. c4 Bxf3 17. gxf3 Nf4 18. Re3 Red8 19. Bxc6 bxc6 20. Re4 Ne6
21. Rb1 h6 22. Kg2 Rd2 23. Rb2 Rad8 24. Kg3 Rxb2 25. Bxb2 Rd2 26. Be5 Rxa2 27.
f4 Rd2 28. Re3 Nc5 29. f3 a5 30. Bc3 Rc2 31. Bxa5 Rxc4 32. Re8+ Kh7 33. Re7 f6
34. Bd8 Nd3 35. Rd7 Nxf4 36. Kf2 Nd5 37. Rd6 h5 38. Kg3 Kg6 39. Rd7 Ne3 40. Bb6
Nf5+ 41. Kg2 Rc2+ 42. Kg1 c5 43. Rc7 c4 44. Bf2 h4 45. Rc5 h3 46. Kf1 Rc1+ 47.
Ke2 c3 48. Rc4 Rc2+ 49. Ke1 Ne7 50. Rg4+ Kf7 51. Rc4 Nd5 52. Rc5 Ke6 53. Rc6+
Kd7 54. Rc5 Kd6 55. Rc4 Ra2 56. Bg3+ Ke6 57. Rc5 c2 58. Kd2 Nb4 59. Rc4 Ra1 60.
f4 Rd1+ 0-1

[Event "Mondiale Lampo FIDE 2022"]
[Site "Alma Ata"]
[Date "30.12.2022"]
[Round "16.41"]
[White "Makhnev, Denis"]
[Black "Jumabayev, Rinat"]
[Result "1-0"]
[WhiteTitle ""]
[BlackTitle ""]
[WhiteElo "2481"]
[BlackElo "2609"]
[WhiteFideId "13707647"]
[BlackFideId "13702661"]
[EventDate "29.12.2022"]

1. d4 Nf6 2. c4 e6 3. Nf3 Bb4+ 4. Bd2 c5 5. Bxb4 cxb4 6. e3 b6 7. Bd3 Bb7 8.
Nbd2 O-O 9. O-O Nc6 10. Re1 d6 11. e4 e5 12. d5 Nb8 13. Nf1 a5 14. Ng3 g6 15.
Qd2 Kg7 16. Qg5 Ng8 17. Qe3 Na6 18. b3 Nc5 19. Bc2 Bc8 20. h4 h5 21. Ng5 Nh6 22.
Bd1 Qe7 23. Rf1 f6 24. Nf3 Bd7 25. Be2 a4 26. Rfb1 Ra7 27. bxa4 Rxa4 28. Qd2 b3
29. Bd1 Rfa8 30. Bxb3 Ra3 31. Bd1 R8a6 32. Rb2 Bg4 33. Rab1 Qa7 34. Ne1 Rxa2 35.
Bxg4 Nxg4 36. Qb4 R2a4 37. Qc3 Ra1 38. Rxb6 Rxb6 39. Rxa1 Qb7 40. Nd3 Rb1+ 41.
Nc1 Rxa1 42. Qxa1 Qb6 43. Qa2 Kf7 44. Qc2 Qb4 45. Nf1 Qe1 46. Qd2 Qxd2 47. Nxd2
f5 48. f3 Ne3 49. Kf2 Nc2 50. Ncb3 Nd3+ 51. Ke2 Nf4+ 52. Kf2 Nd3+ 53. Kf1 Ndb4
54. c5 dxc5 55. Nxc5 Ne3+ 56. Kf2 Nd1+ 57. Ke2 Nc3+ 58. Kf1 Nb5 59. Nc4 fxe4 60.
Nxe5+ Kf6 61. Ned7+ Ke7 62. fxe4 Nc3 63. Kf2 Nxe4+ 64. Nxe4 Kxd7 65. d6 Ke6 66.
Ke3 Nd5+ 67. Kd4 Nb6 68. Kc5 Nd7+ 69. Kc6 Ne5+ 70. Kc7 Kf5 71. Nf2 Kf4 72. Nh3+
Kg3 73. Kb7 Kxh4 74. Nf4 g5 75. Ng6+ Nxg6 76. d7 Nf4 77. d8=Q Nxg2 78. Kc6 Nf4
79. Kd6 Kg4 80. Ke5 h4 81. Qd7+ Kg3 82. Kf5 h3 83. Kxg5 h2 84. Qg4+ Kf2 85.
Qxf4+ Kg2 86. Qd2+ Kg1 87. Kg4 1-0

[Event "Mondiale Lampo FIDE 2022"]
[Site "Alma Ata"]
[Date "30.12.2022"]
[Round "16.42"]
[White "Amin, Bassem"]
[Black "Sargissian, Gabriel"]
[Result "1-0"]
[WhiteTitle ""]
[BlackTitle ""]
[WhiteElo "2682"]
[BlackElo "2699"]
[WhiteFideId "10601457"]
[BlackFideId "13300881"]
[EventDate "29.12.2022"]

1. e4 e5 2. Nf3 Nc6 3. Bc4 Nf6 4. d3 Bc5 5. c3 d6 6. O-O a5 7. Re1 Ba7 8. Bb3
O-O 9. h3 h6 10. Nbd2 Be6 11. Bc2 Ne7 12. Nf1 Ng6 13. Ng3 c6 14. d4 b5 15. Be3
Qc7 16. Qd2 Kh7 17. Nf5 Ng8 18. a4 Bb6 19. Nh2 b4 20. Ng4 c5 21. d5 Bd7 22. c4
Qb8 23. b3 Bd8 24. Rf1 Bf6 25. Nxf6+ Nxf6 26. Bxh6 Bxf5 27. exf5 gxh6 28. fxg6+
fxg6 29. f4 exf4 30. Qd3 Rg8 31. Rxf4 Nh5 32. Rf7+ Kh8 33. Qe3 1-0

[Event "Mondiale Lampo FIDE 2022"]
[Site "Alma Ata"]
[Date "30.12.2022"]
[Round "16.43"]
[White "Brunello, Sabino"]
[Black "Suleymanli, Aydin"]
[Result "0-1"]
[WhiteTitle ""]
[BlackTitle ""]
[WhiteElo "2519"]
[BlackElo "2543"]
[WhiteFideId "813613"]
[BlackFideId "13413937"]
[EventDate "29.12.2022"]

1. d4 Nf6 2. Nf3 e6 3. c4 d5 4. Nc3 dxc4 5. e3 a6 6. a4 b6 7. Bxc4 Bb7 8. O-O
Nbd7 9. Qe2 Bb4 10. Rd1 O-O 11. Ne5 Qe7 12. Nxd7 Qxd7 13. Bd2 Qe7 14. Be1 Rfd8
15. f3 c5 16. dxc5 Qxc5 17. Rxd8+ Rxd8 18. Bxa6 Bxa6 19. Qxa6 Bxc3 20. Bxc3
Qxe3+ 21. Kh1 Nd5 22. Be1 h5 23. Qc4 Ra8 24. Qc2 Qe5 25. Bf2 Qf4 26. b3 Ra7 27.
Bg3 Qf6 28. Re1 h4 29. Be5 Qg5 30. Qe4 Ra8 31. f4 Qg4 32. h3 Qh5 33. Rf1 g6 34.
Rc1 Rd8 35. Qd3 Kh7 36. Kh2 Kh6 37. b4 g5 38. f5 g4 39. hxg4 Qxg4 40. fxe6 Qxe6
41. Qd4 Kh5 42. Rf1 Rg8 43. a5 Rg4 44. Qb2 bxa5 45. bxa5 Ne3 46. Rf2 Re4 47. Qa1
Ng4+ 48. Kg1 Nxf2 0-1

[Event "Mondiale Lampo FIDE 2022"]
[Site "Alma Ata"]
[Date "30.12.2022"]
[Round "16.44"]
[White "Sindarov, Javokhir"]
[Black "Pranav, V"]
[Result "1-0"]
[WhiteTitle ""]
[BlackTitle ""]
[WhiteElo "2654"]
[BlackElo "2545"]
[WhiteFideId "14205483"]
[BlackFideId "25060783"]
[EventDate "29.12.2022"]

1. e4 e5 2. Nf3 Nc6 3. Bc4 Nf6 4. Ng5 d5 5. exd5 Na5 6. Bb5+ c6 7. dxc6 bxc6 8.
Bd3 Nd5 9. Nf3 Bd6 10. O-O O-O 11. Re1 Re8 12. Nc3 f5 13. Nxd5 cxd5 14. Bb5 Bd7
15. Bxd7 Qxd7 16. d4 e4 17. Ne5 Bxe5 18. dxe5 Rxe5 19. Bf4 Ree8 20. c3 h6 21.
Qe2 g5 22. Be3 f4 23. Bc5 Rac8 24. b4 Nc6 25. Rad1 f3 26. gxf3 Ne5 27. Kh1 Nxf3
28. Rg1 Nxg1 29. Rxg1 Qf5 30. Rg3 a5 31. Qh5 Re6 32. h4 Rg6 33. a3 axb4 34. axb4
Kh7 35. hxg5 Rxc5 36. bxc5 Qxf2 37. Qh3 Qf7 38. Rg1 Qe7 39. Qf5 Kh8 40. Qxg6 1-0

[Event "Mondiale Lampo FIDE 2022"]
[Site "Alma Ata"]
[Date "30.12.2022"]
[Round "16.45"]
[White "Kovalev, Vladislav"]
[Black "Muradli, Mahammad"]
[Result "1-0"]
[WhiteTitle ""]
[BlackTitle ""]
[WhiteElo "2623"]
[BlackElo "2540"]
[WhiteFideId "13504398"]
[BlackFideId "13409301"]
[EventDate "29.12.2022"]

1. e4 c5 2. Be2 Nc6 3. d3 d5 4. f4 Nf6 5. e5 Ng8 6. Nf3 Bf5 7. c3 e6 8. O-O h5
9. Be3 Nh6 10. Kh1 Be7 11. Na3 Bg6 12. Nc2 Nf5 13. Bf2 Rb8 14. a3 a5 15. a4 b5
16. axb5 Rxb5 17. Ra2 Rb7 18. d4 c4 19. Ne3 Nxe3 20. Bxe3 Bf5 21. Qe1 g6 22. Bf2
Qb8 23. Qd2 h4 24. h3 Kf8 25. Bd1 Kg7 26. Ba4 Nd8 27. Rd1 Be4 28. Ng5 Bf5 29.
Qc1 Qc7 30. Rd2 Nc6 31. Qe1 Bxg5 32. fxg5 Ne7 33. Bxh4 Be4 34. Kg1 Nf5 35. Bf2
Qe7 36. h4 Rh5 37. Bd1 Rh7 38. g4 Nxh4 39. Bxh4 Rb8 40. Rh2 Rbh8 41. Qf2 Qc7 42.
Ba4 Kg8 43. Ra1 Qb6 44. Re1 Qc7 45. Qg3 Qb6 46. Ree2 Qc7 47. Ref2 Qe7 48. Rf4
Qc7 49. Qf2 Qe7 50. Qg3 Qb7 51. Rf1 Qe7 52. Bd1 Qb7 53. Rff2 a4 54. Bxa4 Qa6 55.
Bd1 Qa1 56. Rf1 Qc1 57. Qf2 Qa1 58. Bf3 Qa7 59. Bxe4 dxe4 60. Bg3 Rxh2 61. Bxh2
Rh3 62. Qg2 Rd3 63. Qxe4 Rd2 64. Bg3 Rxb2 65. Qf3 Rd2 66. Bf2 Rd3 67. Qf4 Rxc3
68. d5 Qb7 69. dxe6 fxe6 70. Bd4 1-0

[Event "Mondiale Lampo FIDE 2022"]
[Site "Alma Ata"]
[Date "30.12.2022"]
[Round "16.47"]
[White "Donchenko, Alexander"]
[Black "Batsuren, Dambasuren"]
[Result "0-1"]
[WhiteTitle ""]
[BlackTitle ""]
[WhiteElo "2636"]
[BlackElo "2525"]
[WhiteFideId "24603295"]
[BlackFideId "4902920"]
[EventDate "29.12.2022"]

1. Nf3 Nf6 2. c4 e6 3. Nc3 d5 4. e3 b6 5. cxd5 exd5 6. b4 a6 7. Bb2 Bb7 8. g3
Bxb4 9. Qa4+ Nc6 10. Nd4 b5 11. Nxc6 bxa4 12. Nxd8 Rxd8 13. Bg2 a3 14. Bc1 a5
15. Nb5 O-O 16. Nxa3 Ba6 17. Nc2 Bd3 18. Nxb4 axb4 19. Bb2 c5 20. f3 Nd7 21. Kf2
Nb6 22. Bf1 Bxf1 23. Rhxf1 Nc4 24. Bc1 Ra8 25. d3 Ne5 26. Ke2 c4 27. dxc4 dxc4
28. Rd1 c3 29. f4 Nc6 30. Rd6 Rfc8 31. Kd3 Kf8 32. e4 Ke7 33. e5 f6 34. Kc2 fxe5
35. fxe5 Nxe5 36. Rb6 Nc6 37. a3 Nd4+ 38. Kd3 Nb3 39. Rb1 Nxc1+ 40. Rxc1 bxa3
41. Re1+ Kd7 42. Kc2 a2 43. Ra1 Rc7 44. Rb3 Ke6 45. Rb5 Kf6 46. Rd5 h6 47. Rb5
Kg6 48. Rd5 Kh7 49. Rb5 Ra3 50. Rb6 Rd7 51. Kc1 Rd2 52. Rc6 Rxh2 0-1

[Event "Mondiale Lampo FIDE 2022"]
[Site "Alma Ata"]
[Date "30.12.2022"]
[Round "16.48"]
[White "Durarbayli, Vasif"]
[Black "Tin, Jingyao"]
[Result "0-1"]
[WhiteTitle ""]
[BlackTitle ""]
[WhiteElo "2612"]
[BlackElo "2562"]
[WhiteFideId "13402935"]
[BlackFideId "5804418"]
[EventDate "29.12.2022"]

1. e4 c6 2. d4 d5 3. e5 c5 4. dxc5 e6 5. a3 Bxc5 6. Nf3 f6 7. b4 Be7 8. Bb2 a5
9. Nbd2 axb4 10. axb4 Rxa1 11. Qxa1 Bxb4 12. Qa4+ Nc6 13. Bb5 Be7 14. O-O Bd7
15. c4 fxe5 16. cxd5 exd5 17. Bxe5 Nf6 18. Qb3 O-O 19. Bxf6 Bxf6 20. Qxd5+ Kh8
21. Ne4 Bg4 22. Bxc6 bxc6 23. Qxc6 Bxf3 24. gxf3 Be5 25. Kg2 Qh4 26. Ng3 Qg5 27.
Re1 h6 28. Qc5 Re8 29. Re4 Qf6 30. Qe3 Re7 31. Qd3 Bd6 32. Rd4 Re6 33. Ne4 Qg6+
34. Kf1 Bf8 35. Rd8 Re8 36. Rd5 Ra8 37. Qd4 Rb8 38. Ng3 Re8 39. Kg2 Rc8 40. Rd7
Re8 41. Qd5 Kh7 42. h4 Qf6 43. h5 Re5 44. Qd3+ Kg8 45. Rd8 Qf7 46. Rd7 Qf6 47.
Ne4 Qe6 48. Rd8 Rxh5 49. Kf1 Rf5 50. Rb8 Rd5 51. Qb3 Re5 52. Qd3 Rd5 53. Qc2 Re5
54. Rc8 Rf5 55. Rc3 Qa6+ 56. Kg2 Qe6 57. Ng3 Rf7 58. Re3 Qd5 59. Qe2 Qc6 60. Re4
Qd5 61. Re3 Qg5 62. Re5 Qf4 63. Re8 Qd6 64. Qe4 Qd7 65. Ra8 Qb7 66. Re8 Qd7 67.
Re5 Re7 68. f4 Rf7 69. Ra5 Qg4 70. Ra4 Bd6 71. Qd5 Bf8 72. Qe4 Qd7 73. f5 Bd6
74. Ra8+ Rf8 75. Qd5+ Qf7 76. Rxf8+ Bxf8 77. Qe4 Bd6 78. Ne2 Bc7 79. Nd4 Qf6 80.
Ne6 Bd6 81. Qd5 Qe5 82. Qa8+ Kh7 83. Qf3 Qf6 84. Qg4 Be5 85. Qh5 Bd6 86. Qg4 Be5
87. Qe4 Bd6 88. Qd3 Be5 89. f4 Bb8 90. Kf3 Ba7 91. Qd7 Bg1 92. Ke4 Qb2 93. Qd3
Qb7+ 94. Ke5 Qb8+ 95. Ke4 Qb7+ 96. Ke5 Qb8+ 97. Kd5 Qb7+ 98. Kd6 Kh8 99. Qc4
Qb6+ 100. Ke7 Qb7+ 101. Ke8 Qb8+ 102. Kf7 Qg8+ 103. Ke7 Bf2 104. Qc3 Bh4+ 105.
Kd6 Bf6 106. Qc7 Qa8 107. Kd7 Qg8 108. Qc6 Qf7+ 109. Kd6 Be7+ 110. Ke5 Bf6+ 111.
Ke4 Qg8 112. Kf3 Qb8 113. Kg4 Qg8 114. Qd7 Qa8 115. Kh5 Kh7 116. Qd1 Qg2 117.
Nf8+ Kg8 0-1

[Event "Mondiale Lampo FIDE 2022"]
[Site "Alma Ata"]
[Date "30.12.2022"]
[Round "16.49"]
[White "Petrosyan, Manuel"]
[Black "Zverev, Lev"]
[Result "1-0"]
[WhiteTitle ""]
[BlackTitle ""]
[WhiteElo "2621"]
[BlackElo "2310"]
[WhiteFideId "13300857"]
[BlackFideId "24250775"]
[EventDate "29.12.2022"]

1. d4 d5 2. Bf4 Nf6 3. e3 e6 4. Nf3 Bd6 5. Nbd2 c5 6. dxc5 Bxc5 7. Bd3 O-O 8.
O-O Nc6 9. a3 h6 10. h3 Re8 11. Bg3 Bd6 12. Bxd6 Qxd6 13. e4 e5 14. exd5 Qxd5
15. Re1 Be6 16. Qe2 Rad8 17. Rad1 Qa5 18. Ne4 Nd5 19. Qd2 Qb6 20. b4 Bf5 21. g3
Bxh3 22. c4 Nde7 23. c5 Qc7 24. Nd6 Rf8 25. Nxe5 Nxe5 26. Rxe5 Nc8 27. Be4 Bg4
28. f3 Be6 29. Rh5 Nxd6 30. cxd6 1-0

[Event "Mondiale Lampo FIDE 2022"]
[Site "Alma Ata"]
[Date "30.12.2022"]
[Round "16.50"]
[White "Tomashevsky, Evgeny"]
[Black "Petrov, Nikita"]
[Result "1/2-1/2"]
[WhiteTitle ""]
[BlackTitle ""]
[WhiteElo "2694"]
[BlackElo "2537"]
[WhiteFideId "4147235"]
[BlackFideId "4101286"]
[EventDate "29.12.2022"]

1. e4 e5 2. Nf3 Nc6 3. Bb5 a6 4. Ba4 Bc5 5. O-O d6 6. d3 Ne7 7. c3 O-O 8. d4 Ba7
9. Be3 Ng6 10. Nbd2 exd4 11. cxd4 Nce7 12. Re1 c6 13. Bb3 d5 14. e5 Nf5 15. Bc2
f6 16. exf6 Qxf6 17. Bg5 Qf7 18. Nb3 h6 19. Bc1 Nfh4 20. Bxg6 Nxg6 21. Qd2 Bg4
22. Ne5 Nxe5 23. Rxe5 Rae8 24. Rxe8 Rxe8 25. f3 Bxf3 26. Qf2 Bd1 27. Nc5 Qxf2+
28. Kxf2 Re2+ 29. Kg3 Bc2 30. Kf3 Re1 31. b4 b6 32. Nd7 Bf5 33. Ne5 Bb8 34. Bb2
Rxa1 35. Bxa1 Be4+ 36. Kf2 Bxe5 37. dxe5 c5 38. bxc5 bxc5 39. Bb2 Kf7 40. Ba3
Bb1 41. Bxc5 Bxa2 42. Bb6 Ke6 43. Ke3 g6 44. Kd4 Bb1 45. Ba5 Be4 46. g4 Bf3 47.
Bd2 g5 48. Bb4 Bxg4 49. Bf8 h5 50. Bh6 Kf5 51. Kxd5 Bd1 52. Kd4 Bb3 53. Bf8 Be6
54. Ke3 Kxe5 55. Kd2 Kf5 56. Kc3 Bc8 57. Be7 h4 58. Kb2 Kg4 59. Ka3 Kh5 60. Kb4
g4 61. Bd6 g3 62. Bxg3 hxg3 63. hxg3 1/2-1/2

[Event "Mondiale Lampo FIDE 2022"]
[Site "Alma Ata"]
[Date "30.12.2022"]
[Round "16.51"]
[White "Vallejo Pons, Francisco"]
[Black "Khusnutdinov, Rustam"]
[Result "1-0"]
[WhiteTitle ""]
[BlackTitle ""]
[WhiteElo "2716"]
[BlackElo "2441"]
[WhiteFideId "2205530"]
[BlackFideId "13701703"]
[EventDate "29.12.2022"]

1. e4 e5 2. Nf3 Nc6 3. Nc3 Nf6 4. g3 Bc5 5. Bg2 d6 6. d3 a6 7. O-O h6 8. h3 Be6
9. Kh2 Qd7 10. Nd2 g5 11. Nd5 Bxd5 12. exd5 Ne7 13. c4 Nf5 14. Qf3 Ke7 15. b4
Ba7 16. c5 Rag8 17. Qd1 Nd4 18. Nc4 Kd8 19. Bb2 Re8 20. Bxd4 exd4 21. Qf3 Nh7
22. a4 g4 23. hxg4 Ng5 24. Qf6+ Qe7 25. Qf5 dxc5 26. bxc5 Bxc5 27. Na5 c6 28.
dxc6 Kc7 29. cxb7 1-0